000 00583nam a2200181Ia 4500
008 100921s9999 xx 000 0 und d
082 _b42346
_a891.463 न 07
100 _aम्हेत्रे सुनिल.
245 _aट्रॅप.
260 _bमंगल दीप प्रकाशन, पुणे.
_c2007
300 _a200
_bकलाभारती वितरण,पुणे
365 _b180
520 _aललित-कथा.
630 _aट्रॅप.
650 _aललित-कथा.
730 _aट्रॅप.
942 _cBOOK
999 _c791459
_d791456